Normal view
MARC view
Entry Topical Term
001 - CONTROL NUMBER
- control field: 18237
003 - CONTROL NUMBER IDENTIFIER
- control field: OSt
005 - DATE AND TIME OF LATEST TRANSACTION
- control field: 20201005153637.0
008 - FIXED-LENGTH DATA ELEMENTS
- fixed length control field: 201005|| aca||aabn | a|a d
040 ## - CATALOGING SOURCE
- Original cataloging agency: OSt
- Transcribing agency: OSt
150 ## - HEADING--TOPICAL TERM
- Topical term or geographic name entry element: Poors, Community welfare
670 ## - SOURCE DATA FOUND
- Source citation: Work cat.: (OSt): Patrick, Ruth 18236, Unsettling the anti-welfare commonsense: the potential in participatory research with people living in poverty
